| 000 | 00336 a2200109 4500 | ||
|---|---|---|---|
| 001 | ART_47630 | ||
| 005 | 20260410161757.0 | ||
| 008 | 260409a | ||
| 245 | 1 | 0 | _aAspectos fiscales de la ley de financiamiento productivo |
| 100 | 1 | _aVaquero, Fernando M. | |
| 773 | 0 |
_tDoctrina tributaria _g- N°463 (oct. 2018) _wREV4296 |
|
| 999 |
_c20187 _d20187 |
||